000 00424nam a22001457a 4500
082 _a519.5
_bHOE
100 _aPaul G, Hoel
_939488
245 _aIntroduction to mathematical statistics
_cHoel, Paul G
250 _a5th edn
260 _aLos, Angeles, Califrnia
_bJohn Wiley & Sons, Inc
_c1983
300 _ap435. :
_bill. ;
_c10 cm.
526 _a0
_b0
_c0
_d519_500000000000000_HOE
650 _aMCE
_9379
942 _2ddc
_cBK
999 _c543970
_d543970